<?xml version="1.0" encoding="UTF-8"?>
<record
    xmlns:xsi="http://www.w3.org/2001/XMLSchema-instance"
    xsi:schemaLocation="http://www.loc.gov/MARC21/slim http://www.loc.gov/standards/marcxml/schema/MARC21slim.xsd"
    xmlns="http://www.loc.gov/MARC21/slim">

  <leader>02195njm a2200397Ia 4500</leader>
  <controlfield tag="001">73340</controlfield>
  <controlfield tag="003">IT-RoPAU</controlfield>
  <controlfield tag="005">20220918181118.0</controlfield>
  <controlfield tag="008">131025s9999    xx            000 0 und d</controlfield>
  <datafield tag="040" ind1=" " ind2=" ">
    <subfield code="a">IT-RoPAU</subfield>
  </datafield>
  <datafield tag="040" ind1=" " ind2=" ">
    <subfield code="c">IT-RoPAU</subfield>
  </datafield>
  <datafield tag="041" ind1=" " ind2=" ">
    <subfield code="a">POLACCO</subfield>
  </datafield>
  <datafield tag="999" ind1=" " ind2=" ">
    <subfield code="c">99569</subfield>
    <subfield code="d">99569</subfield>
  </datafield>
  <datafield tag="999" ind1=" " ind2=" ">
    <subfield code="b">n.d.</subfield>
  </datafield>
  <datafield tag="100" ind1=" " ind2=" ">
    <subfield code="a">AA.VV.</subfield>
    <subfield code="9">794</subfield>
  </datafield>
  <datafield tag="100" ind1=" " ind2=" ">
    <subfield code="e">Autore musica</subfield>
    <subfield code="9">24943</subfield>
  </datafield>
  <datafield tag="100" ind1=" " ind2=" ">
    <subfield code="g">Codice autore musica SPICS: 12000</subfield>
    <subfield code="9">796</subfield>
  </datafield>
  <datafield tag="245" ind1=" " ind2=" ">
    <subfield code="a">Edyta Geppert (Lp Arston Apl 006)</subfield>
  </datafield>
  <datafield tag="250" ind1=" " ind2=" ">
    <subfield code="a">1a ed.</subfield>
  </datafield>
  <datafield tag="260" ind1=" " ind2=" ">
    <subfield code="a">POLONIA</subfield>
  </datafield>
  <datafield tag="260" ind1=" " ind2=" ">
    <subfield code="b">ARSTON</subfield>
    <subfield code="c">1986 [1a Ed.:1986 - Ed. Lingua Orig.: 1986]</subfield>
  </datafield>
  <datafield tag="300" ind1=" " ind2=" ">
    <subfield code="a">DISCO</subfield>
  </datafield>
  <datafield tag="500" ind1=" " ind2=" ">
    <subfield code="a">Musica leggera polacca. Canzone polacca.</subfield>
  </datafield>
  <datafield tag="505" ind1=" " ind2=" ">
    <subfield code="a">Och, Zycie Kocham Cie Nad Zycie (Ti amo pi&#xF9; della vita) - Nocny Dyzur (Turno di notte) - Sopockie Bolero (Bolero di Sopot) - Jaka Roza Taki Ciern - Poesie - Sauve Toi Mon Pauvre Coeur - Gdy Uznamy Ze To Juz - Moj Czlowiek</subfield>
  </datafield>
  <datafield tag="650" ind1=" " ind2=" ">
    <subfield code="a">CANZONE POLACCA [DISCHI]</subfield>
    <subfield code="e">Codice MATERIA SPICS: 9950</subfield>
    <subfield code="9">24944</subfield>
  </datafield>
  <datafield tag="700" ind1=" " ind2=" ">
    <subfield code="a">Geppert Edyta</subfield>
    <subfield code="g">Codice interprete SPICS: 23053</subfield>
    <subfield code="e">Interprete</subfield>
    <subfield code="9">24945</subfield>
  </datafield>
  <datafield tag="700" ind1=" " ind2=" ">
    <subfield code="a">Korcz Wlodzimierz</subfield>
    <subfield code="g">Codice autore musica SPICS: 23054</subfield>
    <subfield code="e">Autore musica</subfield>
    <subfield code="p">Och, Zycie Kocham Cie Nad Zycie - Sopockie Bolero - Jaka Roza Taki Ciern</subfield>
    <subfield code="9">24948</subfield>
  </datafield>
  <datafield tag="700" ind1=" " ind2=" ">
    <subfield code="a">Mlynarski Wojciech</subfield>
    <subfield code="g">Codice autore testo/musica SPICS: 23055</subfield>
    <subfield code="e">Autore testo/musica</subfield>
    <subfield code="p">Och, Zycie Kocham Cie Nad Zycie - Moj Czlowiek</subfield>
    <subfield code="9">24949</subfield>
  </datafield>
  <datafield tag="700" ind1=" " ind2=" ">
    <subfield code="a">Krajewski Seweryn</subfield>
    <subfield code="g">Codice autore musica SPICS: 23056</subfield>
    <subfield code="e">Autore musica</subfield>
    <subfield code="p">Nocny Dyzur - Sauve Toi Mon Pauvre Coeur</subfield>
    <subfield code="9">24950</subfield>
  </datafield>
  <datafield tag="700" ind1=" " ind2=" ">
    <subfield code="a">Has J.</subfield>
    <subfield code="g">Codice autore testo/musica SPICS: 23057</subfield>
    <subfield code="e">Autore testo/musica</subfield>
    <subfield code="p">Nocny Dyzur</subfield>
    <subfield code="9">24951</subfield>
  </datafield>
  <datafield tag="700" ind1=" " ind2=" ">
    <subfield code="a">Maliszewski Aleksander</subfield>
    <subfield code="g">Codice autore musica SPICS: 23058</subfield>
    <subfield code="e">Autore musica</subfield>
    <subfield code="p">Sopockie Bolero - Moj Czlowiek</subfield>
    <subfield code="9">24952</subfield>
  </datafield>
  <datafield tag="700" ind1=" " ind2=" ">
    <subfield code="a">Asiecka A.</subfield>
    <subfield code="g">Codice autore testo/musica SPICS: 23059</subfield>
    <subfield code="e">Autore testo/musica</subfield>
    <subfield code="p">Sopockie Bolero</subfield>
    <subfield code="9">24953</subfield>
  </datafield>
  <datafield tag="700" ind1=" " ind2=" ">
    <subfield code="a">Cygan Jacek</subfield>
    <subfield code="g">Codice autore testo/musica SPICS: 21358</subfield>
    <subfield code="e">Autore testo/musica</subfield>
    <subfield code="p">Jaka Roza Taki Ciern</subfield>
    <subfield code="9">24954</subfield>
  </datafield>
  <datafield tag="700" ind1=" " ind2=" ">
    <subfield code="a">Abela R.</subfield>
    <subfield code="g">Codice autore musica SPICS: 23060</subfield>
    <subfield code="e">Autore musica</subfield>
    <subfield code="p">Poesie</subfield>
    <subfield code="9">24955</subfield>
  </datafield>
  <datafield tag="700" ind1=" " ind2=" ">
    <subfield code="a">Trzcinski W.</subfield>
    <subfield code="g">Codice autore testo/musica SPICS: 23061</subfield>
    <subfield code="e">Autore testo/musica</subfield>
    <subfield code="p">Poesie - Sauve Toi Mon Pauvre Coeur</subfield>
    <subfield code="9">24956</subfield>
  </datafield>
  <datafield tag="942" ind1=" " ind2=" ">
    <subfield code="c">MD</subfield>
    <subfield code="2">ddc</subfield>
  </datafield>
  <datafield tag="952" ind1=" " ind2=" ">
    <subfield code="0">0</subfield>
    <subfield code="1">0</subfield>
    <subfield code="4">0</subfield>
    <subfield code="6">73340_000000000000000</subfield>
    <subfield code="7">1</subfield>
    <subfield code="a">SPICS</subfield>
    <subfield code="b">SPICS</subfield>
    <subfield code="d">2013-10-25</subfield>
    <subfield code="l">0</subfield>
    <subfield code="o">73340</subfield>
    <subfield code="r">2013-10-25 00:00:00</subfield>
    <subfield code="w">2013-10-25</subfield>
    <subfield code="y">MD</subfield>
    <subfield code="z">Progr. Ins.: 17652 / N.Vol.: 1 / Copie: 1 - Copia rara: n.d. / date import: 01.01.2014 - By Epidotti, Trombetti, Vaglietti</subfield>
  </datafield>
</record>
